000
00271nam a2200121 a 4500
003
0
005
20240731121743.0
008
030502s19uu xx 00 eng d
050
_a
VHS 400
_b
R 01
245
_a
French day celebration.
942
_c
AVM
_2
lcc
999
_c
108528
_d
108528